[Event "99th YMCA Autumn D"]
[Site "Warszawa"]
[Date "2011.12.05"]
[Round "12"]
[White "Pajak, Jakub"]
[Black "Litner, Igor"]
[Result "1-0"]
[WhiteElo "1694"]
[BlackElo "1676"]
[PlyCount "53"]
[EventDate "2011.09.19"]
[EventType "tourn"]
[EventRounds "1"]
[EventCountry "POL"]
[SourceDate "2011.09.20"]

1. c4 g6 2. Nf3 Bg7 3. g3 c6 4. d4 d5 5. c5 Bg4 6. Bg2 Nd7 7. Nc3 Bxf3 8. Bxf3
e5 9. e3 Ne7 10. O-O O-O 11. Ne2 Qc7 12. Rb1 Rae8 13. b4 e4 14. Bg2 f5 15. b5
g5 16. Qb3 Rb8 17. a4 Ng6 18. Ba3 f4 19. b6 axb6 20. cxb6 Qd8 21. Bxf8 Qxf8 22.
Bxe4 Kh8 23. Bxg6 f3 24. Bh5 Qf5 25. g4 Qe6 26. Ng3 Nf6 27. h3 1-0

[Event "99th YMCA Autumn D"]
[Site "Warszawa"]
[Date "2011.12.06"]
[Round "13"]
[White "Litner, Igor"]
[Black "Budrewicz, Henryk"]
[Result "1/2-1/2"]
[WhiteElo "1676"]
[BlackElo "1596"]
[Annotator "M"]
[PlyCount "84"]
[EventDate "2011.09.19"]
[EventType "tourn"]
[EventRounds "1"]
[EventCountry "POL"]
[SourceDate "2011.09.20"]

1. d4 Nf6 2. c4 g6 3. g3 Bg7 4. Bg2 d6 5. Nc3 O-O 6. Nf3 c5 7. O-O a6 8. b3 Qc7
9. Bb2 Nbd7 10. Rb1 Rb8 11. dxc5 dxc5 12. a4 e6 13. Nd2 Rd8 14. Qc2 b6 15. Nde4
Bb7 16. Rfd1 Bc6 17. Rd2 Nxe4 18. Nxe4 Bxb2 19. Qxb2 Bxe4 20. Bxe4 f5 21. Bg2
b5 22. axb5 axb5 23. Qc2 b4 24. Rbd1 Nf6 25. e4 Kf7 26. f4 Rxd2 27. Rxd2 Rd8
28. e5 Rxd2 29. Qxd2 Ne8 30. Bf3 Ke7 31. Kg2 Ng7 32. g4 fxg4 33. Bxg4 Nf5 $11
34. Bxf5 gxf5 35. Qf2 Kf8 36. Qh4 Qe7 37. Qf2 Qa7 38. Kh3 Qe7 39. Qg2 Qd8 40.
Qf3 Qd4 41. Kh4 Qd8+ 42. Kg3 Qd4 1/2-1/2

[Event "99th YMCA Autumn D"]
[Site "Warszawa"]
[Date "2011.12.12"]
[Round "13"]
[White "Praczukowski, Stanislaw"]
[Black "Pajak, Jakub"]
[Result "1-0"]
[WhiteElo "1678"]
[BlackElo "1694"]
[PlyCount "123"]
[EventDate "2011.09.19"]
[EventType "tourn"]
[EventRounds "1"]
[EventCountry "POL"]
[SourceDate "2011.09.20"]

1. d4 g6 2. c4 Nf6 3. g3 c5 4. d5 d6 5. Nc3 Bg7 6. Nf3 a6 7. a4 O-O 8. Bg2 Nbd7
9. O-O Ng4 10. h3 Nge5 11. Nd2 Nb6 12. Qb3 Rb8 13. a5 Na8 14. f4 Nd7 15. e4 b5
16. axb6 Naxb6 17. Qc2 a5 18. Ra3 Ba6 19. b3 Ra8 20. Bb2 Nc8 21. Rfa1 Bb7 22.
Nb5 Bxb2 23. Qxb2 Na7 24. Nxa7 Rxa7 25. Qc3 a4 26. Rxa4 Rxa4 27. bxa4 e5 28.
Nf3 f5 29. Ng5 Qf6 30. Ne6 exf4 31. Qxf6 Rxf6 32. exf5 fxg3 33. fxg6 hxg6 34.
a5 Ba6 35. Nc7 Nb8 36. Rb1 Rf8 37. Nxa6 Nxa6 38. Rb6 Nb4 39. Rxd6 Ra8 40. Rxg6+
Kf7 41. Rxg3 Rxa5 42. Rf3+ Ke7 43. Re3+ Kd7 44. h4 Ra1+ 45. Kh2 Rc1 46. Bh3+
Kd8 47. Re4 Rd1 48. Be6 Rd2+ 49. Kg3 Rd3+ 50. Kg4 Ke7 51. Kg5 Rd2 52. h5 Kf8
53. Rf4+ Ke8 54. h6 Rg2+ 55. Kh5 Nd3 56. Re4 Kf8 57. d6 Rh2+ 58. Kg5 Rg2+ 59.
Bg4 Nf2 60. Rf4+ Kg8 61. d7 Kh7 62. Rf7+ 1-0

[Event "99th YMCA Autumn D"]
[Site "Warszawa"]
[Date "2011.10.05"]
[Round "13"]
[White "Rodak, Przemyslaw"]
[Black "Sokur, Iwan"]
[Result "1-0"]
[WhiteElo "1551"]
[BlackElo "1456"]
[PlyCount "61"]
[EventDate "2011.09.19"]
[EventType "tourn"]
[EventRounds "1"]
[EventCountry "POL"]
[SourceDate "2011.09.20"]

1. d4 e6 2. c4 b6 3. Nf3 Bb7 4. Nc3 Nf6 5. Bf4 Bb4 6. a3 Bxc3+ 7. bxc3 d6 8. e3
Nbd7 9. Be2 Qe7 10. a4 a5 11. O-O h6 12. Nd2 Nh7 13. Bf3 Bxf3 14. Qxf3 O-O 15.
e4 f5 16. exf5 Rxf5 17. Qxa8+ Rf8 18. Qe4 g5 19. Qg6+ Kh8 20. Bg3 Rf5 21. Qxh6
Ndf6 22. Rfe1 Qf7 23. Re2 e5 24. f3 Ng8 25. Qh3 Kg7 26. dxe5 Nh6 27. exd6 g4
28. fxg4 Ng5 29. Qh4 Qg6 30. gxf5 Nxf5 31. Re7+ 1-0

[Event "99th YMCA Autumn D"]
[Site "Warszawa"]
[Date "2011.12.12"]
[Round "13"]
[White "Wilczynski, Adam"]
[Black "Blank, Kamil"]
[Result "1/2-1/2"]
[WhiteElo "1680"]
[BlackElo "1667"]
[PlyCount "105"]
[EventDate "2011.09.19"]
[EventType "tourn"]
[EventRounds "1"]
[EventCountry "POL"]
[SourceDate "2011.09.20"]

1. c4 e5 2. g3 Nf6 3. Bg2 d5 4. cxd5 Nxd5 5. Nf3 Nc6 6. O-O Be6 7. d4 exd4 8.
Nxd4 Nxd4 9. Qxd4 Qd7 10. Nc3 Nxc3 11. Qxc3 c6 12. Bh6 f6 13. Rfd1 Qc8 14. Bf4
Be7 15. a4 O-O 16. Bd6 Bxd6 17. Rxd6 Rd8 18. Rad1 Qc7 19. Qd4 Qxd6 20. Qxd6
Rxd6 21. Rxd6 Kf7 22. a5 a6 23. Kf1 Ke7 24. Rd2 Rd8 25. Rxd8 Kxd8 26. Ke1 Kc7
27. b4 b6 28. Kd2 bxa5 29. bxa5 Kd6 30. Kc3 Kc5 31. Be4 h6 32. Bd3 Bc8 33. e4
Kd6 34. f4 Kc5 35. h4 g5 36. hxg5 hxg5 37. Bc4 gxf4 38. gxf4 Kd6 39. Kd4 c5+
40. Kd3 Kc6 41. e5 fxe5 42. fxe5 Bf5+ 43. Ke3 Bc8 44. Ke4 Bd7 45. Bxa6 Be6 46.
Be2 c4 47. Kd4 c3 48. Kxc3 Kc5 49. Bd3 Bd5 50. Ba6 Be6 51. Bb7 Bc4 52. a6 Bxa6
53. Bxa6 1/2-1/2

[Event "99th YMCA Autumn D"]
[Site "Warszawa"]
[Date "2011.12.12"]
[Round "13"]
[White "Jarzyna, Michal"]
[Black "Kasperski, Marcin"]
[Result "0-1"]
[WhiteElo "1495"]
[BlackElo "1701"]
[PlyCount "94"]
[EventDate "2011.09.19"]
[EventType "tourn"]
[EventRounds "1"]
[EventCountry "POL"]
[SourceDate "2011.09.20"]

1. b3 e5 2. Bb2 Nc6 3. e3 Nf6 4. c4 g6 5. Nf3 d6 6. d4 e4 7. Nfd2 Bg7 8. Be2
O-O 9. Nc3 Re8 10. O-O Bf5 11. a3 Qd7 12. Re1 Re7 13. f3 exf3 14. Bxf3 Bg4 15.
Nf1 Bxf3 16. Qxf3 Rae8 17. Bc1 Nd8 18. Ng3 c6 19. e4 Ng4 20. Qd3 Ne6 21. Nce2
Nc5 22. dxc5 Bxa1 23. cxd6 c5 24. Rd1 Re6 25. h3 Be5 26. Qc2 Nf6 27. Bg5 Rxd6
28. Rf1 Kg7 29. Qc1 Ng8 30. h4 Rd3 31. Bf4 Bxf4 32. Qxf4 Rxb3 33. h5 Qe6 34.
Qg5 Kh8 35. h6 f6 36. Qh4 Qd6 37. Nf4 Rxg3 38. Qxg3 Qd4+ 39. Kh1 Qxe4 40. Nd5
Qxc4 41. Rd1 Qe4 42. Qc3 Qe5 43. Qb3 b6 44. Rf1 f5 45. Nf4 Nxh6 46. Qa4 Ng4 47.
Qxa7 Qxf4 0-1